000 00384nam a22001577a 4500
003 SEACOMEC
005 20250920130612.0
008 250920b |||||||| |||| 00| 0 eng d
020 _a978-8121905336
_c450
040 _aSEACOMEC
082 _a620.112
_bK45
100 _aKhurmi, R.S
245 _aStrength of Materials
_cR.S khurmi
260 _akolkata
_bS Chand
_c2007
942 _cBBK
999 _c2520
_d2520